000
00214nam a22000857a 4500
008
170210b xxu||||| |||| 00| 0 eng d
100
_9
2846
_a
Dutta.R
245
_a
Word`s Worth english
260
_a
New Delhi
_b
Arichal
_c
2009
999
_c
6067
_d
6067